The Madness of Shakespeare Quiz Stats

 Plays Quiz Updated Mar 4, 2020

Support Sporcle.
Go Orange.
Score 0/20 Timer 06:00
0 Plays Today
Quote Character % Correct
I am but mad north-north-west. When the wind is southerly I know a hawk from a handsaw.Hamlet
87.5%
O! Full of scorpions is my mind, dear wife!Macbeth
78.2%
O let me not be mad, not mad, sweet heaven! Keep me in temper, I would not be mad.Lear
65.4%
It is the very error of the moon, She comes more nearer earth than she was wont and makes men mad.Othello
63%
Romeo! Humours! Madman! Passion! Lover!Mercutio
58.4%
O, what a noble mind is here o’erthrown!Ophelia
51.5%
Though this be madness yet there is method in it.Polonius
37.8%
O judgment, thou art fled to brutish beasts, and men have lost their reason!Mark Antony
37.1%
You have showed a tender fatherly regard to wish me wed to one half lunatic.Katherine (Kate)
26.1%
Why, Marcus, no man should be mad but I.Titus Andronicus
23.7%
Quote Character % Correct
This cold night will turn us all to fools and madmen.The Fool
17.7%
Why, this is very midsummer madness.Olivia
15.7%
Love is merely a madness, and I tell you, deserves as well a dark house and a whip as madmen do.Rosalind
14.9%
Were such things here, as we do speak about, Or have we eaten on the insane root, that takes the reason prisoner?Banquo
14.9%
‘Tis the time’s plague when madmen lead the blind.Earl of Gloucester
12%
Nay, I’ll ne’er believe a madman till I see his brains.Clown (Feste)
9.6%
Where is my wit? I would be gone. I speak I know not what.Cressida
9.3%
Her madness hath the oddest frame of sense, Such a dependency of thing on thing as e’er I heard in madness.The Duke (Vincentio)
6.7%
No settled sense of the world can match the pleasure of that madness. Let it alone.Leontes
5.4%
Thy tyranny, together working with thy jealousies…O, think what they have done, and then run mad indeed: stark mad!Paulina
3.9%

You're not logged in!

Compare scores with friends on all Sporcle quizzes.
OR
Log In

From the Vault

Multiple Choice Super Bowl Winners

by JackDots

Why couldn't Cam Newton eat his cereal? Because he lost the bowl.
Remove Ads.
Support Sporcle.
Get the best of Sporcle when you Go Orange. This ad-free experience offers more features, more stats, and more fun while also helping to support Sporcle. Thank you for becoming a member.

Show Comments

Extras

Top Quizzes Today


Score Distribution

Your Account Isn't Verified!

In order to create a playlist on Sporcle, you need to verify the email address you used during registration. Go to your Sporcle Settings to finish the process.

Report this User

Report this user for behavior that violates our Community Guidelines.

Details: